000 00372nam a22001457a 4500
999 _c10043
_d10043
003 GBCCL
005 20241126110724.0
008 240213b ||||| |||| 00| 0 eng d
040 _cgbc
082 _aMAG SIA
_b1997
245 _aSiamsinpawlpi annual magazine /
_cKham suanmung tawmbing, editor
260 _aLamka :
_bSSPP,
_c1997
300 _a35P. ;
942 _2ddc
_cARCH